000 00591nam a2200229Ia 4500
005 20250425162320.0
008 250425s9999 xx 000 0 und d
020 _a1591840562
041 _aeng
082 _a658.11
100 _aKAWASAKI, GUY
245 0 _aTHE ART OF THE START: THE TIME-TESTED,BATTLE-HARDENED GUIDE FOR ANYONE STARTING ANYTHING
250 _a1ST ED.
260 _aEstados Unidos
_bPENGUIN GROUP
_c2004
260 _aNEW YORK
300 _a226
650 _aEMPRENDEDORES
650 _aNEGOCIOS
710 _aPENGUIN GROUP
942 _c01
010 _a61807
999 _c226726
_d226726